[Event "Sliema XYChess"]
[Site "Sliema"]
[Date "2015.01.12"]
[Round "5"]
[White "Lombaers, Peter"]
[Black "Kaim, Piotr"]
[Result "1-0"]
[WhiteElo "2291"]
[BlackElo "2212"]
[PlyCount "101"]
[EventDate "2015.01.09"]
[EventType "tourn"]
[EventRounds "9"]
[EventCountry "MLT"]
[EventCategory "3"]
[SourceTitle "CBM 164 Extra"]
[Source "ChessBase"]
[SourceDate "2015.03.02"]
[SourceVersion "1"]
[SourceVersionDate "2015.03.02"]
[SourceQuality "1"]

1. c4 Nf6 2. g3 g6 3. Bg2 Bg7 4. Nc3 0-0 5. e3 c6 6. Nge2 d5 7. cxd5 cxd5 8. d4 Nc6 9. 0-0 b6 10. b4 Bb7 11. Qb3 e6 12. a4 Qd7 13. Nf4 Rfc8 14. Ba3 Ba6 15. Rfe1 Bc4 16. Qb2 a6 17. Rad1 Ne7 18. Nd3 Bxd3 19. Rxd3 Ra7 20. b5 a5 21. Rc1 Rac7 22. Rd2 Nf5 23. Rdc2 Bf8 24. Bxf8 Kxf8 25. Nb1 Nd6 26. Nd2 Ke7 27. f3 Rxc2 28. Rxc2 Rxc2 29. Qxc2 Qc8 30. Qxc8 Nxc8 31. e4 Ne8 32. Kf2 h5 33. Ke3 Ncd6 34. Bf1 Nc7 35. Bg2 Nde8 36. Kf4 Nd6 37. h4 dxe4 38. fxe4 Nc8 39. Nc4 f6 40. Bf3 e5+ 41. dxe5 Ne6+ 42. Ke3 Nc5 43. exf6+ Kxf6 44. Bd1 Nd7 45. Kd4 Ke6 46. Bb3 Nc5 47. Bc2 Nd7 48. Bd3 Nc5 49. Bf1 Nd7 50. Bh3+ Ke7 51. e5 1-0